Estudios de derecho del consumo (Ley 1480 de 2011) Tomo I

Detalles Bibliográficos
Formato: eBook
Lenguaje:español
Publicado: Bogot:̀ Universidad de La Sabana, 2017
Materias:
Acceso en línea:Acceso restringido

MARC

LEADER 00000nam a22000007a 4500
005 20190801130748.0
007 cr|||| ||||
008 190801s2017 co |||||s|||| 00||0 spa d
020 |a 978-958-12-0428-1 
035 |a 23892 
040 |a vLex 
090 |c 9096  |d 9096 
245 0 0 |a Estudios de derecho del consumo (Ley 1480 de 2011)  |h [Recurso electrn̤ico] /  |n Tomo I 
256 |a Servicio en ln̕ea 
260 |a Bogot:̀  |b Universidad de La Sabana,  |c 2017 
300 |a 1 recurso electrn̤ico 
500 |a Conceptos bs̀icos, garanta̕s, publicidad y clùsulas abusivas. 
506 1 |a Disponible solo en los productos indicados  |d vLex Global  |d vLex Global (Academic Edition, excluding Law Schools)  |d vLex Global (U.S. Academic Edition, Law Schools)  |d vLex Global (U.S. Academic Edition, excluding Law Schools)  |d vLex Global (Academic Edition, Law Schools) 
650 0 4 |a Consumidores Usuarios  |z Colombia 
740 0 |a vLex Libros (Servicio en ln̕ea) 
856 4 0 |u http://vlex.com/source/estudios-derecho-consumo-ley-1480-2011-tomo-i-23892  |z Acceso restringido 
942 |c BOOK 
999 0 |a Consumer Users